00695nam a2200205Ia 4500003000900000008004100009040001600050080001700066100002500083245005000108260004900158300001000207500006600217650004100283650002600324650001800350942000700368999001500375952009900390IN-BaIIA211028s9999 xx 000 0 eng d cIIA Library a52-77bKUN-1 aKundu, Mukul R95956 0aSolar radio astronomybvol. 1cMukul R. Kundu aMichiganbUniversity of Michigan Pressc1964 a370p. aDonated by Ch. V. Sastry  aAstronomy and Astrophysics Thesaurus aRadio Astronomy92849 aSolar Physics cBK c4049d4049 00104070aBANbKODcGENd1972-11-01l0o52-77/ KUN-1p4521r2021-11-05w1972-11-01yBKGFree